000
00155nam a22000857a 4500
082
_a
823
100
_a
DISNEY BOOKS
245
_a
THE WORLD OF CARS
942
_c
BK
999
_c
8321
_d
8321